LEADER 01736nam0 22003973i 450 001 VAN00269770 005 20251118114821.688 017 70$2N$a9783031212093 100 $a20240118d2023 |0itac50 ba 101 $aeng 102 $aCH 105 $a|||| ||||| 181 $ai$b e 182 $ab 183 $acr 200 1 $aDust and Health$eChallenges and Solutions$fAli Al-Dousari, Muhammad Zaffar Hashmi editors 210 $aCham$cSpringer$d2023 215 $aXVI, 248 p.$cill.$d24 cm 410 1$1001VAN00238466$12001 $aEmerging Contaminants and Associated Treatment Technologies$1210 $aCham$cSpringer$d2020- 620 $aCH$dCham$3VANL001889 676 $a579$cMicrobiologia$v22 676 $a363.73$cInquinamento generale$v22 702 1$aAl-Dousari$bAli$3VANV197625 702 1$aHashmi$bMuhammad Z.$3VANV195498 712 $aSpringer $3VANV108073$4650 790 1$aHashmi, Muhammad Zaffar$zHashmi, Muhammad Z.$3VANV195499 790 1$aHashmi, M. Z.$zHashmi, Muhammad Z.$3VANV195500 790 1$aHashmi, M.Z.$zHashmi, Muhammad Z.$3VANV200940 801 $aIT$bSOL$c20251121$gRICA 856 4 $uhttps://link.springer.com/openurl?genre=book&isbn=978-3-031-21209-3$zE-book - Accesso al full-text attraverso riconoscimento IP di Ateneo, proxy e/o Shibboleth 899 $aBIBLIOTECA DEL DIPARTIMENTO DI SCIENZE E TECNOLOGIE AMBIENTALI BIOLOGICHE E FARMACEUTICHE$1IT-CE0101$2VAN17 912 $fN 912 $aVAN00269770 950 $aBIBLIOTECA DEL DIPARTIMENTO DI SCIENZE E TECNOLOGIE AMBIENTALI BIOLOGICHE E FARMACEUTICHE$d17CONS e-book 2310 $e17BIB2310/82 82 20240118 996 $aDust and Health$93374621 997 $aUNICAMPANIA